Sports Quiz

Random Sports or MLB Quiz
Score 0/13 Timer 02:30
0 Plays Today
% Correct
Bob Gibson
76.5%
Dave McNally
72.8%
Joe Blanton
69.2%
Mickey Lolich
69.1%
Jim Bagby Sr.
67.7%
Jesse Haines
65.7%
Lew Burdette
63.9%
Ken Holtzman
62.4%
Bucky Walters
59.1%
Jose Santiago
58.8%
Mudcat Grant
56.6%
Jack Bentley
47.6%
Rosy Ryan
38.8%
Remove Ads.
Support Sporcle.
Get the best of Sporcle when you Go Orange. This ad-free experience offers more features, more stats, and more fun while also helping to support Sporcle. Thank you for becoming a member.

You're not logged in!

Compare scores with friends on all Sporcle quizzes.
OR
Log In

Sporcle TV

Today on Sporcle TV


Watch our educational content, quiz creation guides, and fun videos on Sporcle TV.

Show Comments

Extras

Top Quizzes Today


Score Distribution

Paid Content

Your Account Isn't Verified!

In order to create a playlist on Sporcle, you need to verify the email address you used during registration. Go to your Sporcle Settings to finish the process.

Report this User

Report this user for behavior that violates our Community Guidelines.

Details: